The Oxford handbook of Hebrews and the Catholic Epistles

The study of Hebrews and the Catholic Epistles was never truly confined to their place in fraught ecclesiastical disputes. Recent decades have witnessed a resurgence of interest in these writings. This volume assesses the relevance of these works to various questions that are often posed to other pa...

Full description

Saved in:  
Bibliographic Details
Subtitles:Handbook of Hebrews and the Catholic Epistles
Hebrews and the Catholic Epistles
Contributors: Gray, Patrick 1970- (Editor)
Format: Electronic Book
Language:English
Subito Delivery Service: Order now.
Check availability: HBZ Gateway
WorldCat: WorldCat
Interlibrary Loan:Interlibrary Loan for the Fachinformationsdienste (Specialized Information Services in Germany)
Published: New York, NY Oxford University Press [2024]
In:Year: 2024
Reviews:Handbook of Hebrews and the Catholic Epistles (2025) (Foster, Paul, 1966 -)
[Rezension von: The Oxford handbook of Hebrews and the Catholic Epistles] (2025) (Alexander, Loveday)
Series/Journal:Oxford handbooks online Religion
Standardized Subjects / Keyword chains:B Bible / Hebrews / Text analysis / Literature
IxTheo Classification:HC New Testament
Further subjects:B Collection of essays
B Religion & beliefs
B Bible. Hebrews Commentaries
B Religion
B Bible. Catholic Epistles Commentaries
Online Access: Volltext (Publisher)
Volltext (lizenzpflichtig)
Parallel Edition:Non-electronic

MARC

LEADER 00000cam a2200000 c 4500
001 1902448227
003 DE-627
005 20260109125907.0
007 cr uuu---uuuuu
008 240912s2024 xx |||||o 00| ||eng c
020 |a 9780190904364  |c ebook  |9 978-0-19-090436-4 
024 7 |a 10.1093/oxfordhb/9780190904333.001.0001  |2 doi 
035 |a (DE-627)1902448227 
035 |a (DE-599)KEP105847208 
035 |a (OCoLC)1456883852 
035 |a (UK-OxUP)9780190904364 
035 |a (DE-627-1)105847208 
040 |a DE-627  |b ger  |c DE-627  |e rda 
041 |a eng 
082 0 |a 227.8707  |2 23 
084 |a 1  |2 ssgn 
084 |a BC 7365  |q SEPA  |2 rvk  |0 (DE-625)rvk/9649: 
084 |a 11.46  |2 bkl 
245 0 4 |a The Oxford handbook of Hebrews and the Catholic Epistles  |c edited by Patrick Gray 
246 3 3 |a Hebrews and the Catholic Epistles 
246 3 3 |a Handbook of Hebrews and the Catholic Epistles 
246 3 3 |a Hebrews and the Catholic Epistles 
264 1 |a New York, NY  |b Oxford University Press  |c [2024] 
264 4 |c © 2024 
300 |a 1 Online-Ressource 
336 |a Text  |b txt  |2 rdacontent 
337 |a Computermedien  |b c  |2 rdamedia 
338 |a Online-Ressource  |b cr  |2 rdacarrier 
490 0 |a Oxford handbooks online  |a Religion 
500 |a Includes index. - Description based on online resource and publisher information; title from PDF title page (viewed on April 16, 2024) 
520 |a The study of Hebrews and the Catholic Epistles was never truly confined to their place in fraught ecclesiastical disputes. Recent decades have witnessed a resurgence of interest in these writings. This volume assesses the relevance of these works to various questions that are often posed to other parts of the New Testament canon, to report on the current state of scholarship devoted to the interpretive issues they raise, and to survey their rich and often-overlooked afterlives. 
630 2 0 |a Bible  |p Hebrews  |v Commentaries 
630 2 0 |a Bible  |p Catholic Epistles  |v Commentaries 
650 4 |a Religion 
650 4 |a Religion & beliefs 
652 |a HC  |b DDCoderRVK 
655 7 |a Aufsatzsammlung  |0 (DE-588)4143413-4  |0 (DE-627)105605727  |0 (DE-576)209726091  |2 gnd-content 
689 0 0 |d u  |0 (DE-588)4006406-2  |0 (DE-627)106377604  |0 (DE-576)208865497  |a Bibel  |2 gnd 
689 0 1 |d u  |0 (DE-588)4023921-4  |0 (DE-627)106301284  |0 (DE-576)208952047  |a Bibel  |2 gnd  |p Hebräerbrief 
689 0 2 |d s  |0 (DE-588)4194196-2  |0 (DE-627)104195959  |0 (DE-576)210092394  |2 gnd  |a Textanalyse 
689 0 3 |d s  |0 (DE-588)4035964-5  |0 (DE-627)106245015  |0 (DE-576)209015608  |2 gnd  |a Literatur 
689 0 |5 (DE-627) 
700 1 |e HerausgeberIn  |0 (DE-588)131708147  |0 (DE-627)512983496  |0 (DE-576)187843767  |4 edt  |a Gray, Patrick  |d 1970- 
776 1 |z 9780190904333 
776 0 8 |i Erscheint auch als  |n Druck-Ausgabe  |t The Oxford handbook of Hebrews and the Catholic Epistles  |d New York : Oxford University Press, 2024  |h xx, 430 Seiten  |w (DE-627)1897059582  |z 9780190904333  |k Non-Electronic 
787 0 8 |i Rezensiert in  |a Foster, Paul, 1966 -   |t Handbook of Hebrews and the Catholic Epistles  |d 2025  |w (DE-627)1921215267 
787 0 8 |i Rezensiert in  |a Alexander, Loveday  |t [Rezension von: The Oxford handbook of Hebrews and the Catholic Epistles]  |d 2025  |w (DE-627)1942935560 
856 4 0 |u https://doi.org/10.1093/oxfordhb/9780190904333.001.0001  |m X:OXFORD  |x Resolving-System  |z lizenzpflichtig  |7 1 
856 4 0 |u https://academic.oup.com/edited-volume/57514  |x Verlag  |3 Volltext44ZZ  |7 1 
912 |a ZDB-28-OHO  |b 2024 
912 |a ZDB-28-OHR 
912 |a ZDB-28-OHR  |b 2024 
935 |a BIIN 
936 r v |a BC 7365  |b Katholische Briefe, Gesamtdarstellungen  |k Theologie und Religionswissenschaften  |k Bibelwissenschaft  |k Biblische Theologie  |k Abhandlungen zum NT  |k Katholische Briefe und Apokalypse  |k Katholische Briefe  |k Katholische Briefe, Gesamtdarstellungen  |0 (DE-627)1270888447  |0 (DE-625)rvk/9649:  |0 (DE-576)200888447 
936 b k |a 11.46  |j Exegese  |j Hermeneutik  |x Neues Testament  |q SEPA  |0 (DE-627)106417975 
951 |a BO 
ACO |a 1 
BIB |a 1 
BIR |a 19000000_19999999  |b biblesearch 
ELC |a 1 
LOK |0 000 xxxxxcx a22 zn 4500 
LOK |0 001 4843085820 
LOK |0 003 DE-627 
LOK |0 004 1902448227 
LOK |0 005 20260109125413 
LOK |0 008 260109||||||||||||||||ger||||||| 
LOK |0 040   |a DE-Tue135-1  |c DE-627  |d DE-Tue135-1 
LOK |0 852   |a DE-Tue135-1 
LOK |0 852 1  |m p  |9 00 
LOK |0 935   |a inmo 
LOK |0 938   |k p 
LOK |0 939   |a 09-01-26  |b l01 
ORI |a SA-MARC-ixtheoa001.raw 
REF |a Textinterpretation 
STA 0 0 |a Bible,Literature,Literature,Belles-lettres,Religion,Religion in literature,Religions,Religion,Text analysis,Discourse analysis,Explication, Literary 
STB 0 0 |a Analyse textuelle,Commentaire de texte,Littérature,Littérature,Religion,Religions,Religion 
STC 0 0 |a Análisis de textos,Literatura,Literatura,Religión,Religión,Religión 
STD 0 0 |a Analisi del testo,Letteratura,Letteratura,Religione,Religione,Religione 
STE 0 0 |a 宗教,宗教,文学,文本分析 
STF 0 0 |a 宗教,宗教,文學,文本分析 
STG 0 0 |a Análise de textos,Literatura,Literatura,Religião,Religião 
STH 0 0 |a Анализ текста,Литература (мотив),Литература,Религия,Религия (мотив) 
STI 0 0 |a Ανάλυση κειμένου,Θρησκεία,Θρησκεία (μοτίβο),Λογοτεχνία (μοτιβο),Λογοτεχνία 
SUB |a BIB 
SYE 0 0 |a Religion,Mystik,Mythologie 
SYG 0 0 |a Bible for Today's Family,Contemporary English version bible,CEV,New International Reader's,NIrV,NIV,N.I.V.,New International Version Bible,English Standard Version,ESV,ESV Bible,Holy Bible, English Standard Version,Schlachter-Bibel,Schlachterbibel,Bibel,Handschrift,Arras,Bibliothèque Municipale,Ms. 559,Saint-Vaast Bible,Vatopediu,Athos, Bibliothek,Cod. 1582,Bibbia di Ripoll,Ripoll Bibel,La bible nouvellement translatée avec annotations,Bibel,Althochdeutsch,Glosse,Basel,Universitätsbibliothek,Cod. N I 3 Nr. 97a,Bibelglossatur M,Basel,Universitätsbibliothek,Cod. N I 3 Nr. 97a,Bibel,Handschrift,Breslau,Universitätsbibliothek,Ms. M 1106,Bibel,Bibel,Bibel,Bibel,Bibel,Bibel,Bibel in gerechter Sprache,Itala,Bibel,Bibel,Bibel,Bibel,King James Version,Authorized Version,Authorised Version,KJV,KJB,King James Bible,King-James-Bibel,Zwingli-Bibel,Zwinglibibel,Zürcher Bibelübersetzung,Bibel,Neues Testament,Lutherbibel,Luther-Bibel,Biblia, das ist, die gantze heilige Schrifft Deudsch,Zürcher Bibel,Einheitsübersetzung,Einheitsübersetzung der Heiligen Schrift,Biblia,Heilige Schrift,Bible,Die Bibel,Die Heilige Schrift,La Sainte Bible,La Soncha Scrittüra,Biblia Sacra,La Bible,The Holy Bible,Sveto pismo Staroga i Novoga zaveta,Biblia święta,Biblí svatá,Biblija,La Sacra Bibbia,La Santa Biblia,Die Heiligen Schriften des Alten und Neuen Bundes,Die Heiligen Schriften,Die gantze Heilige Schrifft Deudsch,Die ganze Heilige Schrifft,Kitāb-i muqaddas,al- Kitab al-muqaddas,Seisho,Müqäddäs kitab,Beibel,Bībele , Hebräerbrief,Epistola ad Hebraeos,Hebr,Heb,H,Ebr,Eb,Epistula ad Hebraeos,Der Hebräerbrief,Hebrews,L'épître aux Hébreux,The letter to the Hebrews,Epistle to the Hebrews,Bible,Hebrews,Brief an die Hebräer , Diskursanalyse , Belletristik,Dichtung,Literarisches Kunstwerk,Schöne Literatur,Sprachkunst,Sprachliches Kunstwerk,Wortkunst,Belletristik,Dichtung,Schöne Literatur,Sprachkunst,Wortkunst